Lonely Planet: experience California / (Record no. 416754)
[ view plain ]
| 000 -LEADER | |
|---|---|
| fixed length control field | 02285cam a2200481 i 4500 |
| 001 - CONTROL NUMBER | |
| control field | 1565065826 |
| 005 - DATE AND TIME OF LATEST TRANSACTION | |
| control field | 20260227110307.0 |
| 008 - FIXED-LENGTH DATA ELEMENTS--GENERAL INFORMATION | |
| fixed length control field | 250904s2026 ie ab e 001 0 eng d |
| 020 ## - INTERNATIONAL STANDARD BOOK NUMBER | |
| International Standard Book Number | 9781838697440 |
| Qualifying information | (paperback) |
| 020 ## - INTERNATIONAL STANDARD BOOK NUMBER | |
| International Standard Book Number | 1838697446 |
| Qualifying information | (paperback) |
| 035 ## - SYSTEM CONTROL NUMBER | |
| System control number | (OCoLC)1565065826 |
| 035 ## - SYSTEM CONTROL NUMBER | |
| System control number | 2773749 |
| 035 ## - SYSTEM CONTROL NUMBER | |
| System control number | (OCoLC)on1565065826 |
| 040 ## - CATALOGING SOURCE | |
| Original cataloging agency | NZAUC |
| Language of cataloging | eng |
| Description conventions | rda |
| Transcribing agency | NZAUC |
| Modifying agency | OCLCO |
| -- | JBZ |
| -- | OCLCO |
| -- | DPL |
| 043 ## - GEOGRAPHIC AREA CODE | |
| Geographic area code | n-us-ca |
| 082 04 - DEWEY DECIMAL CLASSIFICATION NUMBER | |
| Classification number | 917.940454 |
| Edition number | 23 |
| 092 ## - LOCALLY ASSIGNED DEWEY CALL NUMBER (OCLC) | |
| Classification number | general nonfiction |
| Item number | 917.94 Averbuck, Alexis, |
| 100 1# - MAIN ENTRY--PERSONAL NAME | |
| Personal name | Averbuck, Alexis, |
| Dates associated with a name | 1972- |
| Relator term | author. |
| 9 (RLIN) | 6561550 |
| 245 10 - TITLE STATEMENT | |
| Title | Lonely Planet: experience California / |
| Statement of responsibility, etc | Alexis Averbuck, Alison Bing, Shawn Forno, Ryan Ver Berkmoes, Wendy Yanagihara. |
| 246 3# - VARYING FORM OF TITLE | |
| Title proper/short title | Experience California. |
| 246 3# - VARYING FORM OF TITLE | |
| Title proper/short title | Lonely Planet California |
| 246 34 - VARYING FORM OF TITLE | |
| Title proper/short title | Lonely Planet experience California : |
| Remainder of title | get away from the everyday. |
| 250 ## - EDITION STATEMENT | |
| Edition statement | 2nd edition. |
| 264 #1 - Production, Publication, Distribution, Manufacture, and Copyright Notice. | |
| Place of production, publication, distribution, manufacture | [Dublin] : |
| Name of producer, publisher, distributor, manufacturer | Lonely Planet Global Library, |
| Date of production, publication, distribution, manufacture, or copyr | 2026. |
| 300 ## - PHYSICAL DESCRIPTION | |
| Extent | 257 pages : |
| Other physical details | illustrations, maps ; |
| Dimensions | 18 cm + |
| Accompanying material | 1 map (folded) |
| 336 ## - Content Type | |
| Content type term | text |
| 336 ## - Content Type | |
| Content type term | still image |
| 336 ## - Content Type | |
| Content type term | cartographic image |
| 337 ## - Media type | |
| Media type term | unmediated |
| 338 ## - Carrier type | |
| Carrier type term | volume |
| 338 ## - Carrier type | |
| Carrier type term | sheet |
| 490 1# - SERIES STATEMENT | |
| Series statement | Lonely Planet experience. |
| 500 ## - GENERAL NOTE | |
| General note | Includes index. |
| 520 ## - SUMMARY, ETC. | |
| Summary, etc | "This latest edition of Lonely Planet's Experience California travel guide reveals exciting new ways to explore this iconic region with all the tools you need to create your own unique trip. Discover amazing local experiences from diving into endless summer at Santa Monica and Venice with its soul-stirring sunsets; to hiking through Yosemite, Sequoia and Kings Canyon National Parks; and ducking into the 19th-century ferry terminal in San Francisco for a showcase of top artisanal food producers"--Publisher's description. |
| 651 #0 - SUBJECT ADDED ENTRY--GEOGRAPHIC NAME | |
| Geographic name | California |
| Form subdivision | Guidebooks. |
| 9 (RLIN) | 6430876 |
| 655 #7 - INDEX TERM--GENRE/FORM | |
| Genre/form data or focus term | Guidebooks. |
| Source of term | lcgft. |
| 9 (RLIN) | 5689508 |
| 700 1# - ADDED ENTRY--PERSONAL NAME | |
| Personal name | Bing, Alison, |
| Relator term | author. |
| 700 1# - ADDED ENTRY--PERSONAL NAME | |
| Personal name | Forno, Shawn, |
| Relator term | author. |
| 9 (RLIN) | 6561551 |
| 700 1# - ADDED ENTRY--PERSONAL NAME | |
| Personal name | Ver Berkmoes, Ryan, |
| Relator term | author. |
| 9 (RLIN) | 5992855 |
| 700 1# - ADDED ENTRY--PERSONAL NAME | |
| Personal name | Yanagihara, Wendy, |
| Relator term | author. |
| 9 (RLIN) | 6561552 |
| 830 #0 - SERIES ADDED ENTRY--UNIFORM TITLE | |
| Uniform title | Lonely Planet experience. |
| 9 (RLIN) | 6550210 |
| 942 ## - ADDED ENTRY ELEMENTS (KOHA) | |
| Source of classification or shelving scheme | Dewey Decimal Classification |
| Koha item type | BOOK |
| Withdrawn status | Lost status | Source of classification or shelving scheme | Materials specified (bound volume or other part) | Damaged status | Not for loan | Collection code | Home library | Current library | Shelving location | Date acquired | Source of acquisition | Total Checkouts | Full call number | Barcode | Date last seen | Cost, replacement price | Price effective from | Koha item type |
|---|---|---|---|---|---|---|---|---|---|---|---|---|---|---|---|---|---|---|
| Dewey Decimal Classification | 1 pull-out map | General NonFiction | Wasatch County Library | Wasatch County Library | Second Floor | 03/03/2026 | Ingram | 917.94 Averbuck | 34301002107466 | 03/03/2026 | 26.99 | 03/03/2026 | BOOK |
